The language of colloid and interface science : (Record no. 28264)

MARC details
000 -LEADER
fixed length control field 02631cam a2200361 a 4500
001 - CONTROL NUMBER
control field 3942612
003 - CONTROL NUMBER IDENTIFIER
control field EG-ScBUE
005 - DATE AND TIME OF LATEST TRANSACTION
control field 20200308104952.0
008 - FIXED-LENGTH DATA ELEMENTS--GENERAL INFORMATION
fixed length control field 930621t1993 dcu f bd 000 0 eng d
020 ## - INTERNATIONAL STANDARD BOOK NUMBER
International Standard Book Number 0841227098
040 ## - CATALOGING SOURCE
Original cataloging agency DLC
Language of cataloging eng
Description conventions rda
Transcribing agency DLC
Modifying agency DLC
-- EG-ScBUE
082 00 - DEWEY DECIMAL CLASSIFICATION NUMBER
Classification number 541.34503
Item number SCH
Edition number 22
100 1# - MAIN ENTRY--PERSONAL NAME
Personal name Schramm, Laurier L.,
Dates associated with a name 1954-
Relator term author.
245 14 - TITLE STATEMENT
Title The language of colloid and interface science :
Remainder of title a dictionary of terms /
Statement of responsibility, etc Laurier L. Schramm.
264 #1 - PUBLICATION, DISTRIBUTION, ETC. (IMPRINT)
Place of publication, distribution, etc Washington, DC :
Name of publisher, distributor, etc American Chemical Society,
Date of publication, distribution, etc [1993]
264 #4 - PUBLICATION, DISTRIBUTION, ETC. (IMPRINT)
Date of publication, distribution, etc c1993
300 ## - PHYSICAL DESCRIPTION
Extent xi, 195 pages ;
Dimensions 24 cm.
336 ## - CONTENT TYPE
Source rdacontent
Content type term text
Content type code txt
337 ## - MEDIA TYPE
Source rdamedia
Media type term unmediated
Media type code n
338 ## - CARRIER TYPE
Source rdacarrier
Carrier type term volume
Carrier type code nc
490 0# - SERIES STATEMENT
Series statement ACS professional reference book
504 ## - BIBLIOGRAPHY, ETC. NOTE
Bibliography, etc Includes bibliographical references.
520 ## - SUMMARY, ETC.
Summary, etc Every scientific or technological field that is in an active state of research and development also has an actively growing vocabulary. Colloid and interface science is no exception. Many scientific disciplines are involved in the study of colloids and interfaces, each discipline bringing elements of its own special language. This dictionary provides brief explanations for the most important terms that may be encountered in a study of the fundamental principles, experimental investigations, and industrial applications of colloid and interface science. Current and older terms are included, and special attention is given to older terms that once had quite different meanings. Cross-references for the more important synonyms, abbreviations, and acronyms are given. The book presents useful tables of similar terms, acronyms having related but different meanings, and useful predictive equations for physical properties. Finally, a selection of references to books and journal articles is included. This book will be an essential source for scientists and engineers involved in any aspect of colloid and interface science. It is also suitable for students and for researchers who wish to move into, or just learn parts of, the field.
650 #7 - SUBJECT ADDED ENTRY--TOPICAL TERM
Topical term or geographic name as entry element Colloids
General subdivision Dictionaries.
Source of heading or term BUEsh
9 (RLIN) 7422
650 #7 - SUBJECT ADDED ENTRY--TOPICAL TERM
Topical term or geographic name as entry element Surface chemistry
General subdivision Dictionaries.
Source of heading or term BUEsh
653 ## - INDEX TERM--UNCONTROLLED
Resource For college Generalities
Arrived date list March2020
655 ## - INDEX TERM--GENRE/FORM
Form subdivision Reading book
9 (RLIN) 34232
856 42 - ELECTRONIC LOCATION AND ACCESS
Materials specified Publisher description
Uniform Resource Identifier <a href="http://www.loc.gov/catdir/enhancements/fy0639/93025680-d.html">http://www.loc.gov/catdir/enhancements/fy0639/93025680-d.html</a>
906 ## - LOCAL DATA ELEMENT F, LDF (RLIN)
a 7
b cbc
c orignew
d 1
e ocip
f 19
g y-gencatlg
942 ## - ADDED ENTRY ELEMENTS (KOHA)
Source of classification or shelving scheme Dewey Decimal Classification
Koha item type Book - Borrowing
Holdings
Withdrawn status Lost status Source of classification or shelving scheme Damaged status Not for loan Collection code Home library Current library Shelving location Date acquired Source of acquisition Total Checkouts Full call number Barcode Date last seen Price effective from Koha item type
    Dewey Decimal Classification     Baccah Central Library Central Library First floor 08/03/2020 Purchase   541.34503 SCH 000048791 15/07/2025 08/03/2020 Book - Borrowing
    Dewey Decimal Classification     Baccah Central Library Central Library First floor 20/09/2020 Purchase   541.34503 SCH 000049706 15/07/2025 20/09/2020 Book - Borrowing